| 000 | 00874cam a22002891 4500 | ||
|---|---|---|---|
| 001 | 30177 | ||
| 003 | BD-RjUL | ||
| 005 | 20211209051526.0 | ||
| 008 | 140409s1959 nyu 001 0 eng d | ||
| 035 | _a(BD-RjUL)30262 | ||
| 035 | _a(OCoLC)373840 | ||
| 040 |
_aDLC _cODaWU _dOCoLC _dDLC _dBD-RjUL _beng |
||
| 041 | _aeng | ||
| 082 | 0 | 0 |
_a121 _bKOC 1959 |
| 100 | 1 |
_aKörner, Stephan, _d1913- _986933 |
|
| 245 | 1 | 0 |
_aConceptual thinking : _ba logical inquiry / _c Stephan Körner |
| 260 |
_aNew York : _bDover Publications, _c1959. |
||
| 300 |
_a301 p. ; _c21 cm. |
||
| 500 | _a"An unabridged and corrected republication of the first edition." | ||
| 504 | _aIncludes Index | ||
| 650 | 0 |
_aKnowledge, Theory of. _991759 |
|
| 650 | 0 |
_aThought and thinking. _991760 |
|
| 650 | 0 |
_aReasoning. _991761 |
|
| 942 |
_2ddc _cBK |
||
| 999 |
_c30177 _d30177 |
||